| 000 | 00576nam a2200121Ia 4500 | ||
|---|---|---|---|
| 008 | 171212s9999 xx 000 0 und d | ||
| 020 | _a9780833077073 | ||
| 100 | _aShontz, Douglas;Libicki, Martin C.;Rudavsky, Rena;Bradley, Melissa A. | ||
| 245 |
_cShontz, Douglas;Libicki, Martin C.;Rudavsky, Rena;Bradley, Melissa A. _aAn Assessment of the Assignments and Arrangements of the Executive Agent for DoD Biometrics and Status Report on the DoD Biometrics Enterprise |
||
| 260 |
_bRAND Corporation _c2012 |
||
| 650 | _aHistory | ||
| 856 | _uwww.jstor.org/stable/10.7249/j.ctt3fh0n8 | ||
| 999 |
_c351714 _d351714 |
||